Normal view
MARC view
- Melaka (Sultanate)
Entry Geographic Name
001 - CONTROL NUMBER
- control field: 8179
003 - CONTROL NUMBER IDENTIFIER
- control field: OSt
005 - DATE AND TIME OF LATEST TRANSACTION
- control field: 20170525125318.0
008 - FIXED-LENGTH DATA ELEMENTS
- fixed length control field: 170525|| aca||aabn | a|a d
040 ## - CATALOGING SOURCE
- Original cataloging agency: OSt
- Transcribing agency: OSt
151 ## - HEADING--GEOGRAPHIC NAME
- Geographic name: Melaka (Sultanate)
- General subdivision: History
670 ## - SOURCE DATA FOUND
- Source citation: Work cat.: (OSt)0: Abdul Rahman Haji Ismail, author. 8177, PENEMUAN TARIKH BARU PENGASASAN EMPAYAR KERAJAAN NEGERI MELAKA 1262 =

PORTAL AKMAL
E-MEL JKDM
AKMAL2U
G-BAM
u-PUSTAKA